00463nam a2200181 a 4500001001300000003000900013005001700022008004100039020001000080082001600090100002100106245003000127260003700157300000900194500003500203650002200238700002100260nice12345678IN_TiNIC20260116011534.0070829s1928 lona grp 000 0 eng  ac10000a269.2bJON2 aJones, E Stanley aChrist at the Round Table aLondonbHodder & Stoughtonc1928 a320p aincludes index and biblioraphy aEvangelistic Work1 aJones, E Stanley